000 01416nam a22004457a 4500
001 0063919
003 KOHA_MİRAKIL
005 20260207004452.0
007 ta
008 190304b2019 tu |||gr||||#0|||0|tur |
020 _a9786054619962
040 _aTR-BiSEU
_btur
_cTR-BiSEU
_erda
041 0 _atur
044 _ctu
050 _aHV6626.23
_b.T37 2019
100 1 _aTaştan, Coşkun.
245 1 _aDünyada ve Türkiye'de kadın cinayetleri :
_b2016-2017-2018 verileri ve analizler/
_cCoşkun Taştan ; Coşkun Taştan ; Aslıhan Küçüker Yıldız.
264 1 _aAnkara :
_bPolis Akademisi Yayınları
_c2019
300 _a38 sayfa ;
_c21 cm.
336 _ametin
_btxt
_2rdacontent
337 _aaracısız
_bn
_2rdamedia
338 _acilt
_bnc
_2rdacarrier
490 1 _aPolis Akademisi Yayınları ;
_vNo.
490 1 _a68.
490 1 _aRapor ;
_vNo.
490 1 _a12
650 0 _aAile içi şiddet.
_955612
650 0 _aAilede kadına kötü muamele.
_9118323
650 0 _aAile içi şiddet mağdurları.
_9118324
650 0 _aFamily violence.
_971149
650 0 _aWomen--Crimes against woman.
_9118325
650 0 _aWife abuse.
_9118326
650 0 _aVictims of family violence.
_9118327
830 1 _aPolis Akademisi Yayınları ;
_vNo.
_955619
830 1 _a68.
_916687
830 1 _aRapor ;
_vNo.
_944469
830 1 _a12
_97280
907 _aAile
942 _2lcc
_cBK
999 _c63715
_d63715